Breaking Dawn Part I Actors Quiz Stats

Quiz not verified by Sporcle

Challenge
Share
Tweet
Embed
Score 0/52 Timer 15:00
0 Plays Today
Character Actor/Actress % Correct
Bella SwanKristen Stewart
97.8%
Edward CullenRobert Pattinson
95.6%
Jacob BlackTaylor Lautner
86.8%
Alice CullenAshley Greene
78.6%
JaneDakota Fanning
77.5%
Emmett CullenKellan Lutz
68.7%
Rosalie HaleNikki Reed
66.5%
Jasper HaleJackson Rathbone
62.1%
Charlie SwanBilly Burke
58.2%
AroMichael Sheen
52.7%
Jessica StanleyAnna Kendrick
51.1%
Dr. Carlisle CullenPeter Facinelli
50.5%
Esme CullenElizabeth Reaser
49.5%
IrinaMaggie Grace
41.2%
Mike NewtonMichael Welch
39.6%
Seth ClearwaterBooboo Stewart
35.7%
Renee DwyerSarah Clarke
31.9%
GarrettLee Pace
31.3%
Angela WeberChristian Serratos
30.8%
Eric YorkieJustin Chon
22.5%
Leah ClearwaterJulia Jones
19.8%
TanyaMyAnna Buring
18.7%
Emily Tinsel Korey
18.1%
Vladimir Noel Fisher
17.6%
CarmenMia Maestro
17%
Billy BlackGil Birmingham
16.5%
Character Actor/Actress % Correct
AlistairJoe Anderson
15.9%
BenjaminRami Malek
14.8%
EleazarChristian Camargo
14.8%
KateCasey LaBow
14.8%
PaulAlex Meraz
14.3%
Sam UleyChaske Spencer
12.1%
Embry CallKiowa Gordon
11%
TiaAngela Sarafyan
9.9%
Sue ClearwaterAlex Rice
9.3%
Quil AtearaTyson Houseman
8.2%
JaredBronson Pelletier
7.7%
AmunOmar Metwally
6.6%
KebiAndrea Gabriel
6.6%
CharlotteValorie Curry
6.6%
MaryToni Trucks
6%
StefanGuri Weinberg
6%
SiobhanLisa Howard
6%
MaggieMarlane Barnes
5.5%
PeterErik Odom
4.9%
SashaAndrea Powell
4.4%
RandallBill Tangradi
4.4%
SennaTracey Heggins
3.8%
LiamPatrick Brennan
3.8%
Phil DwyerTy Olssen
3.3%
ToshiroMasami Kosaka
3.3%
ZafrinaJudith Sekoni
2.7%

You're not logged in!

Compare scores with friends on all Sporcle quizzes.
Sign Up with Email
OR
Log In

You Might Also Like...

Show Comments

Extras

Top Quizzes Today


Score Distribution

Your Account Isn't Verified!

In order to create a playlist on Sporcle, you need to verify the email address you used during registration. Go to your Sporcle Settings to finish the process.

Report this User

Report this user for behavior that violates our Community Guidelines.

Details: